<?xml version="1.0" encoding="UTF-8"?>
<collection xmlns="http://www.loc.gov/MARC21/slim">
 <record>
  <leader>04525cas a2200889   4500</leader>
  <controlfield tag="001">191066311</controlfield>
  <controlfield tag="003">DE-627</controlfield>
  <controlfield tag="005">20241214232954.0</controlfield>
  <controlfield tag="007">tu</controlfield>
  <controlfield tag="008">960109d19952022gw a| p|      0   |0ger c</controlfield>
  <datafield tag="015" ind1=" " ind2=" ">
   <subfield code="a">08,A03,1467</subfield>
   <subfield code="2">dnb</subfield>
  </datafield>
  <datafield tag="016" ind1="7" ind2=" ">
   <subfield code="a">018018254</subfield>
   <subfield code="2">DE-101</subfield>
  </datafield>
  <datafield tag="016" ind1="7" ind2=" ">
   <subfield code="a">1293016-7</subfield>
   <subfield code="2">DE-600</subfield>
  </datafield>
  <datafield tag="022" ind1=" " ind2=" ">
   <subfield code="a">0948-8014</subfield>
  </datafield>
  <datafield tag="035" ind1=" " ind2=" ">
   <subfield code="a">(DE-627)191066311</subfield>
  </datafield>
  <datafield tag="035" ind1=" " ind2=" ">
   <subfield code="a">(DE-576)049967088</subfield>
  </datafield>
  <datafield tag="035" ind1=" " ind2=" ">
   <subfield code="a">(DE-599)ZDB1293016-7</subfield>
  </datafield>
  <datafield tag="035" ind1=" " ind2=" ">
   <subfield code="a">(OCoLC)645780749</subfield>
  </datafield>
  <datafield tag="040" ind1=" " ind2=" ">
   <subfield code="a">DE-627</subfield>
   <subfield code="b">ger</subfield>
   <subfield code="c">DE-627</subfield>
   <subfield code="e">rakwb</subfield>
  </datafield>
  <datafield tag="041" ind1=" " ind2=" ">
   <subfield code="a">ger</subfield>
  </datafield>
  <datafield tag="044" ind1=" " ind2=" ">
   <subfield code="c">XA-DE</subfield>
  </datafield>
  <datafield tag="082" ind1="0" ind2="4">
   <subfield code="a">720</subfield>
   <subfield code="a">230</subfield>
   <subfield code="a">930</subfield>
   <subfield code="q">DE-101</subfield>
  </datafield>
  <datafield tag="082" ind1="0" ind2="4">
   <subfield code="a">700</subfield>
   <subfield code="a">060</subfield>
   <subfield code="q">DE-600</subfield>
  </datafield>
  <datafield tag="084" ind1=" " ind2=" ">
   <subfield code="a">9,10</subfield>
   <subfield code="a">1</subfield>
   <subfield code="2">ssgn</subfield>
  </datafield>
  <datafield tag="084" ind1=" " ind2=" ">
   <subfield code="a">1</subfield>
   <subfield code="2">ssgn</subfield>
  </datafield>
  <datafield tag="084" ind1=" " ind2=" ">
   <subfield code="a">NZ 14830</subfield>
   <subfield code="2">rvk</subfield>
   <subfield code="0">(DE-625)rvk/132595:</subfield>
  </datafield>
  <datafield tag="084" ind1=" " ind2=" ">
   <subfield code="a">LK 24092</subfield>
   <subfield code="2">rvk</subfield>
   <subfield code="0">(DE-625)rvk/97692:13313</subfield>
  </datafield>
  <datafield tag="084" ind1=" " ind2=" ">
   <subfield code="a">56.88</subfield>
   <subfield code="2">bkl</subfield>
  </datafield>
  <datafield tag="084" ind1=" " ind2=" ">
   <subfield code="a">21.75</subfield>
   <subfield code="2">bkl</subfield>
  </datafield>
  <datafield tag="084" ind1=" " ind2=" ">
   <subfield code="a">21.70</subfield>
   <subfield code="2">bkl</subfield>
  </datafield>
  <datafield tag="084" ind1=" " ind2=" ">
   <subfield code="a">21.60</subfield>
   <subfield code="2">bkl</subfield>
  </datafield>
  <datafield tag="084" ind1=" " ind2=" ">
   <subfield code="a">15.48</subfield>
   <subfield code="2">bkl</subfield>
  </datafield>
  <datafield tag="222" ind1=" " ind2="0">
   <subfield code="a">Die Dresdner Frauenkirche</subfield>
  </datafield>
  <datafield tag="245" ind1="1" ind2="4">
   <subfield code="a">Die Dresdner Frauenkirche</subfield>
   <subfield code="b">Jahrbuch zu ihrer Geschichte und Gegenwart</subfield>
   <subfield code="c">hrsg. von der Gesellschaft zur Förderung der Frauenkirche Dresden e.V. unter Mitwirkung der Stiftung Frauenkirche Dresden</subfield>
  </datafield>
  <datafield tag="247" ind1="1" ind2="0">
   <subfield code="a">Jahrbuch zu ihrer Geschichte und zu ihrem archäologischen Wiederaufbau</subfield>
   <subfield code="f">Zusatz bis 11.2005</subfield>
  </datafield>
  <datafield tag="264" ind1="3" ind2="1">
   <subfield code="a">Regensburg</subfield>
   <subfield code="b">Schnell und Steiner</subfield>
   <subfield code="c">1995-2022</subfield>
  </datafield>
  <datafield tag="264" ind1=" " ind2="1">
   <subfield code="a">Weimar</subfield>
   <subfield code="b">Verl. Hermann Böhlaus Nachf.</subfield>
   <subfield code="c">1995-2005</subfield>
  </datafield>
  <datafield tag="300" ind1=" " ind2=" ">
   <subfield code="c">24 cm</subfield>
   <subfield code="e">CDs als Beil.</subfield>
  </datafield>
  <datafield tag="336" ind1=" " ind2=" ">
   <subfield code="a">Text</subfield>
   <subfield code="b">txt</subfield>
   <subfield code="2">rdacontent</subfield>
  </datafield>
  <datafield tag="337" ind1=" " ind2=" ">
   <subfield code="a">ohne Hilfsmittel zu benutzen</subfield>
   <subfield code="b">n</subfield>
   <subfield code="2">rdamedia</subfield>
  </datafield>
  <datafield tag="338" ind1=" " ind2=" ">
   <subfield code="a">Band</subfield>
   <subfield code="b">nc</subfield>
   <subfield code="2">rdacarrier</subfield>
  </datafield>
  <datafield tag="362" ind1="0" ind2=" ">
   <subfield code="a">1.1995 - 11.2005; 12.2008-Band 26 (2022) ; damit Erscheinen eingestellt</subfield>
  </datafield>
  <datafield tag="363" ind1="0" ind2="0">
   <subfield code="a">1</subfield>
   <subfield code="i">1995</subfield>
  </datafield>
  <datafield tag="363" ind1="1" ind2="0">
   <subfield code="i">2005</subfield>
   <subfield code="a">11</subfield>
  </datafield>
  <datafield tag="500" ind1=" " ind2=" ">
   <subfield code="a">Herausgebendes Organ variiert</subfield>
  </datafield>
  <datafield tag="515" ind1=" " ind2=" ">
   <subfield code="a">Ersch. jährl.</subfield>
  </datafield>
  <datafield tag="583" ind1="1" ind2=" ">
   <subfield code="a">Archivierung/Langzeitarchivierung gewährleistet</subfield>
   <subfield code="f">PESN</subfield>
   <subfield code="2">pdager</subfield>
   <subfield code="5">DE-14</subfield>
  </datafield>
  <datafield tag="591" ind1=" " ind2=" ">
   <subfield code="a">473!(06-03-06)101b!läuft weiter(06-10-08)Kn28!(01-11-22)</subfield>
  </datafield>
  <datafield tag="655" ind1=" " ind2="7">
   <subfield code="a">Zeitschrift</subfield>
   <subfield code="0">(DE-588)4067488-5</subfield>
   <subfield code="0">(DE-627)10454466X</subfield>
   <subfield code="0">(DE-576)20917000X</subfield>
   <subfield code="2">gnd-content</subfield>
  </datafield>
  <datafield tag="689" ind1="0" ind2="0">
   <subfield code="d">g</subfield>
   <subfield code="0">(DE-588)4267117-6</subfield>
   <subfield code="0">(DE-627)104550929</subfield>
   <subfield code="0">(DE-576)21064592X</subfield>
   <subfield code="a">Frauenkirche Dresden</subfield>
   <subfield code="g">Dresden</subfield>
   <subfield code="2">gnd</subfield>
  </datafield>
  <datafield tag="689" ind1="0" ind2="1">
   <subfield code="a">z</subfield>
   <subfield code="2">gnd</subfield>
   <subfield code="a">Geschichte</subfield>
  </datafield>
  <datafield tag="689" ind1="0" ind2=" ">
   <subfield code="5">DE-101</subfield>
  </datafield>
  <datafield tag="689" ind1="1" ind2="0">
   <subfield code="d">g</subfield>
   <subfield code="0">(DE-588)4267117-6</subfield>
   <subfield code="0">(DE-627)104550929</subfield>
   <subfield code="0">(DE-576)21064592X</subfield>
   <subfield code="a">Frauenkirche Dresden</subfield>
   <subfield code="g">Dresden</subfield>
   <subfield code="2">gnd</subfield>
  </datafield>
  <datafield tag="689" ind1="1" ind2="1">
   <subfield code="d">s</subfield>
   <subfield code="0">(DE-588)4065958-6</subfield>
   <subfield code="0">(DE-627)106116185</subfield>
   <subfield code="0">(DE-576)209161728</subfield>
   <subfield code="a">Wiederaufbau</subfield>
   <subfield code="2">gnd</subfield>
  </datafield>
  <datafield tag="689" ind1="1" ind2="2">
   <subfield code="d">s</subfield>
   <subfield code="0">(DE-588)4252318-7</subfield>
   <subfield code="0">(DE-627)104647752</subfield>
   <subfield code="0">(DE-576)210521945</subfield>
   <subfield code="a">Förderverein</subfield>
   <subfield code="2">gnd</subfield>
  </datafield>
  <datafield tag="689" ind1="1" ind2=" ">
   <subfield code="5">DE-101</subfield>
  </datafield>
  <datafield tag="710" ind1="2" ind2=" ">
   <subfield code="a">Gesellschaft zur Förderung der Frauenkirche Dresden</subfield>
   <subfield code="e">Herausgebendes Organ</subfield>
   <subfield code="0">(DE-588)10353503-2</subfield>
   <subfield code="0">(DE-627)57668662X</subfield>
   <subfield code="0">(DE-576)285029592</subfield>
   <subfield code="4">isb</subfield>
  </datafield>
  <datafield tag="710" ind1="2" ind2=" ">
   <subfield code="a">Stiftung Frauenkirche Dresden</subfield>
   <subfield code="e">Herausgebendes Organ</subfield>
   <subfield code="0">(DE-588)5163656-6</subfield>
   <subfield code="0">(DE-627)191024538</subfield>
   <subfield code="0">(DE-576)195620844</subfield>
   <subfield code="4">isb</subfield>
  </datafield>
  <datafield tag="710" ind1="2" ind2=" ">
   <subfield code="a">Gesellschaft zur Förderung des Wiederaufbaus der Frauenkirche Dresden</subfield>
   <subfield code="e">Herausgebendes Organ</subfield>
   <subfield code="0">(DE-588)5082165-9</subfield>
   <subfield code="0">(DE-627)126052077</subfield>
   <subfield code="0">(DE-576)19440594X</subfield>
   <subfield code="4">isb</subfield>
  </datafield>
  <datafield tag="787" ind1="0" ind2="8">
   <subfield code="i">Rezensiert in</subfield>
   <subfield code="a">Badstübner, Ernst, 1931 - </subfield>
   <subfield code="t">[Rezension von: Die Dresdner Frauenkirche - Jahrbuch zu ihrer Geschichte und zu ihrem archäologischen Wiederaufbau]</subfield>
   <subfield code="d">Regensburg : Schnell und Steiner, 2005</subfield>
   <subfield code="w">(DE-627)155343319X</subfield>
   <subfield code="w">(DE-576)483433195</subfield>
  </datafield>
  <datafield tag="889" ind1=" " ind2=" ">
   <subfield code="w">(DE-627)1869360192</subfield>
  </datafield>
  <datafield tag="935" ind1=" " ind2=" ">
   <subfield code="a">SAXB</subfield>
   <subfield code="a">BGTS</subfield>
   <subfield code="a">mteo</subfield>
   <subfield code="a">RFBW</subfield>
  </datafield>
  <datafield tag="936" ind1="r" ind2="v">
   <subfield code="a">NZ 14830</subfield>
   <subfield code="b">Kirchengeschichte</subfield>
   <subfield code="k">Geschichte</subfield>
   <subfield code="k">Regionale Landeskunde</subfield>
   <subfield code="k">Landesgeschichte Sachsen</subfield>
   <subfield code="k">Orts- und Regionalgeschichte</subfield>
   <subfield code="k">Ortsgeschichte</subfield>
   <subfield code="k">Dresden</subfield>
   <subfield code="k">Kirchengeschichte</subfield>
   <subfield code="0">(DE-627)1343514681</subfield>
   <subfield code="0">(DE-625)rvk/132595:</subfield>
   <subfield code="0">(DE-576)273514687</subfield>
  </datafield>
  <datafield tag="936" ind1="r" ind2="v">
   <subfield code="a">LK 24092</subfield>
   <subfield code="b">Kirchen, Kathedralen</subfield>
   <subfield code="k">Kunstgeschichte</subfield>
   <subfield code="k">Kunst nach Ländern bzw. Kontinenten</subfield>
   <subfield code="k">Deutschland</subfield>
   <subfield code="k">Kunsttopografie Deutschlands</subfield>
   <subfield code="k">Orte Deutschlands</subfield>
   <subfield code="k">Orte D</subfield>
   <subfield code="k">Dresden</subfield>
   <subfield code="k">Kirchen, Kathedralen</subfield>
   <subfield code="0">(DE-627)127064209X</subfield>
   <subfield code="0">(DE-625)rvk/97692:13313</subfield>
   <subfield code="0">(DE-576)20064209X</subfield>
  </datafield>
  <datafield tag="936" ind1="b" ind2="k">
   <subfield code="a">56.88</subfield>
   <subfield code="j">Sakralbau</subfield>
   <subfield code="x">Architektur</subfield>
   <subfield code="0">(DE-627)106421204</subfield>
  </datafield>
  <datafield tag="936" ind1="b" ind2="k">
   <subfield code="a">21.75</subfield>
   <subfield code="j">Denkmalpflege</subfield>
   <subfield code="j">Stadtbildpflege</subfield>
   <subfield code="0">(DE-627)106415735</subfield>
  </datafield>
  <datafield tag="936" ind1="b" ind2="k">
   <subfield code="a">21.70</subfield>
   <subfield code="j">Geschichte der Sakralbaukunst</subfield>
   <subfield code="0">(DE-627)106421255</subfield>
  </datafield>
  <datafield tag="936" ind1="b" ind2="k">
   <subfield code="a">21.60</subfield>
   <subfield code="j">Baugeschichte: Allgemeines</subfield>
   <subfield code="0">(DE-627)106421247</subfield>
  </datafield>
  <datafield tag="936" ind1="b" ind2="k">
   <subfield code="a">15.48</subfield>
   <subfield code="j">Sachsen</subfield>
   <subfield code="j">Sachsen-Anhalt</subfield>
   <subfield code="j">Thüringen</subfield>
   <subfield code="x">Geschichte</subfield>
   <subfield code="q">coli-conc RVK-&gt;BK</subfield>
   <subfield code="q">https://coli-conc.gbv.de/api/mappings/12049542-37ca-4bba-bde3-d461262ae937</subfield>
   <subfield code="0">(DE-627)181571048</subfield>
  </datafield>
  <datafield tag="951" ind1=" " ind2=" ">
   <subfield code="a">JT</subfield>
  </datafield>
  <datafield tag="990" ind1=" " ind2=" ">
   <subfield code="a">Frauenkirche Dresden</subfield>
  </datafield>
  <datafield tag="990" ind1=" " ind2=" ">
   <subfield code="a">Geschichte</subfield>
  </datafield>
  <datafield tag="990" ind1=" " ind2=" ">
   <subfield code="a">Frauenkirche Dresden</subfield>
  </datafield>
  <datafield tag="990" ind1=" " ind2=" ">
   <subfield code="a">Wiederaufbau</subfield>
  </datafield>
  <datafield tag="990" ind1=" " ind2=" ">
   <subfield code="a">Förderverein</subfield>
  </datafield>
  <datafield tag="991" ind1=" " ind2=" ">
   <subfield code="a">Rezensiertes Werk</subfield>
  </datafield>
  <datafield tag="999" ind1=" " ind2=" ">
   <subfield code="a">KXP-PPN191066311</subfield>
   <subfield code="e">4154170368</subfield>
  </datafield>
 </record>
</collection>
